Estadísticas para 20 Idiomas más hablados del Mundo

Haz click aquí para intentar la prueba.

Estadísticas generales

  • Esta prueba ha sido intentada 313 veces
  • La puntuación promedio es 11 de 20

Estadísticas de respuestas

Número de HablantesIdioma% Correcto
921,2 MillonesChino Mandarín
100%
369,9 MillonesInglés
100%
471,4 MillonesEspañol/Castellano
99%
79,6 MillonesFrancés
97%
153,7 MillonesRuso
92%
76,6 MillonesAlemán
90%
64,8 MillonesItaliano
89%
232,4 MillonesPortugués
89%
126,3 MillonesJaponés
87%
342,2 MillonesHindi
68%
82,2 MillonesTurco
59%
76 MillonesVietnamita
32%
69 MillonesUrdu
31%
228,7 MillonesBengalí
29%
84,9 MillonesCantonés/Yue
25%
77,5 MillonesTamil
23%
83,1 MillonesMaratí
9%
81,7 MillonesWu
8%
82,6 MillonesTélugu
7%
56,9 MillonesGuyaratí
4%

Distribución de puntuación

Porcentaje por número respondido

Porcentaje de gente con cada puntuación

Historial de tus puntuaciones

No has intentado esta prueba.